000 00438nam a2200169Ia 4500
008 131103s9999 xx 000 0 und d
040 _aLoreto College
041 _aEnglish
082 _aF/GAS
_bLCBED/6402
100 _aGaskin, Catherine
245 4 _aThe lynmara legacy
_cCatherine Gaskin
260 _aCollins
_bFontana books
_c1977
300 _a384p
_c 18cm.
650 _aEnglish fiction
850 _aLCBED/F/GAS
942 _cBK
999 _c32595
_d83074